| 000 | 00924pam a2200253 4500 | ||
|---|---|---|---|
| 005 | 19740503000000.0 | ||
| 008 | 730911s1974 njua b 001 0 eng | ||
| 010 | _aENG-95613 | ||
| 020 |
_a9788120338975 _c525.00 |
||
| 035 | _aEN-79146 | ||
| 037 | _bDBAD/PUB | ||
| 040 | _aDPL | ||
| 082 | _a658.15 | ||
| 100 | _aVan Horne, James C. | ||
| 245 |
_aFundamentals of financial management _cby James C. Van Horne , John M. Wachowicz |
||
| 250 | _a13en ed. | ||
| 260 |
_aNew Delhi _bPHI Learning P. Ltd _c2009 |
||
| 300 |
_axvi, 552 p. _billus. _c26 cm.(Pbk) |
||
| 504 | _aIncludes bibliographies references and Index | ||
| 650 |
_aCorporations _xFinance. |
||
| 700 | _aWachowicz, John M. | ||
| 942 |
_2ddc _cEN _h658.15 _mHIR |
||
| 999 |
_c32336 _d32336 |
||